[Event "Caioba op 7th"]
[Site "Caioba"]
[Date "2023.06.21"]
[Round "5"]
[White "Nemeth Junior, Henrique"]
[Black "Hoffman, Alejandro"]
[Result "0-1"]
[WhiteElo "2159"]
[BlackElo "2350"]
[PlyCount "110"]
[EventDate "2023.06.18"]
[EventType "swiss"]
[EventRounds "9"]
[EventCountry "BRA"]
[SourceTitle "CBM 214 Extra"]
[Source "ChessBase"]
[SourceDate "2023.07.31"]
[SourceVersion "1"]
[SourceVersionDate "2023.07.31"]
[SourceQuality "1"]

1. e4 c5 2. Nf3 d6 3. d4 cxd4 4. Nxd4 Nf6 5. Nc3 g6 6. Be3 Bg7 7. f3 0-0 8. Qd2 Nc6 9. Bc4 Bd7 10. 0-0-0 Qa5 11. Kb1 Rfc8 12. Bb3 Ne5 13. Nd5 Qxd2 14. Rxd2 Nxd5 15. Bxd5 Nc4 16. Bxc4 Rxc4 17. Ne2 f5 18. b3 Rcc8 19. exf5 gxf5 20. Bd4 Bh6 21. f4 Bc6 22. Re1 Kf7 23. g3 b5 24. a3 a5 25. Bb2 b4 26. axb4 axb4 27. Nd4 Be4 28. g4 Bxf4 29. Rf2 e5 30. gxf5 Bd5 31. Ne6 Bxe6 32. fxe6+ Ke7 33. Re4 Rg8 34. Rf1 Rab8 35. Bc1 d5 36. Rexf4 exf4 37. Rxf4 Kxe6 38. Rh4 Rb7 39. Bd2 Rg2 40. Bxb4 Rc7 41. Rh6+ Kf5 42. Rh5+ Kg4 43. Rxd5 Rcxc2 44. h3+ Kf4 45. Bd6+ Ke4 46. Re5+ Kd3 47. Rd5+ Kc3 48. Rc5+ Kxb3 49. Rb5+ Kc4 50. Rc5+ Kd3 51. Rxc2 Rxc2 52. h4 Kc3 53. Be7 Kb3 54. Bg5 Rc6 55. Bc1 Rf6 0-1

[Event "Catarinense-ch U20"]
[Site "Rio Negrinho"]
[Date "2023.03.24"]
[Round "2"]
[White "Nemeth Junior, Henrique"]
[Black "Cezar, Ricardo de Almeida"]
[Result "1/2-1/2"]
[WhiteElo "2206"]
[BlackElo "1765"]
[PlyCount "58"]
[EventDate "2023.03.24"]
[EventType "swiss"]
[EventRounds "6"]
[EventCountry "BRA"]
[SourceTitle "CBM 213 Extra"]
[Source "ChessBase"]
[SourceDate "2023.05.31"]
[SourceVersion "1"]
[SourceVersionDate "2023.05.31"]
[SourceQuality "1"]

1. e4 c6 2. c4 d5 3. cxd5 cxd5 4. exd5 Nf6 5. Nc3 Nxd5 6. Nf3 e6 7. d4 Bb4 8. Bd2 Nc6 9. Bd3 0-0 10. 0-0 Be7 11. a3 Bf6 12. Be3 Nxc3 13. bxc3 b6 14. Bf4 Bb7 15. Re1 Rc8 16. Rc1 Re8 17. Bb1 Na5 18. Ne5 Bxe5 19. Bxe5 Qg5 20. Bg3 Qd5 21. f3 Nc4 22. Qd3 Qh5 23. a4 Bd5 24. Qe2 Rc6 25. Bf4 Rec8 26. Qf2 f6 27. Bd3 Qf7 28. Qc2 Qh5 29. Qf2 Qf7 1/2-1/2

[Event "Florianopolis op 9th"]
[Site "Florianopolis"]
[Date "2023.01.23"]
[Round "1"]
[White "Nemeth Junior, Henrique"]
[Black "Melo, Sergio Roberto Samp"]
[Result "1-0"]
[WhiteElo "2193"]
[BlackElo "1580"]
[PlyCount "23"]
[EventDate "2023.01.23"]
[EventType "swiss"]
[EventRounds "10"]
[EventCountry "BRA"]
[SourceTitle "CBM 212 Extra"]
[Source "ChessBase"]
[SourceDate "2023.03.31"]
[SourceVersion "1"]
[SourceVersionDate "2023.03.31"]
[SourceQuality "1"]

1. c4 e6 2. Nf3 Nf6 3. Nc3 d5 4. e3 Be7 5. b3 Nbd7 6. Bb2 c6 7. Qc2 dxc4 8. Bxc4 Nb6 9. Be2 0-0 10. h4 Nbd5 11. Ng5 g6 12. h5 1-0

[Event "BRA-ch 88th"]
[Site "Recife"]
[Date "2022.12.22"]
[Round "10"]
[White "Rodrigo, Rafael"]
[Black "Nemeth Junior, Henrique"]
[Result "0-1"]
[WhiteElo "2047"]
[BlackElo "2189"]
[PlyCount "76"]
[EventDate "2022.12.15"]
[EventType "swiss"]
[EventRounds "11"]
[EventCountry "BRA"]
[SourceTitle "CBM 212 Extra"]
[Source "ChessBase"]
[SourceDate "2023.03.31"]
[SourceVersion "1"]
[SourceVersionDate "2023.03.31"]
[SourceQuality "1"]

1. Nf3 e6 2. d4 Nf6 3. Bg5 c5 4. Nc3 cxd4 5. Nxd4 Bb4 6. Ndb5 Qb6 7. Bxf6 gxf6 8. Qd4 Qxb5 9. Qxf6 Rg8 10. 0-0-0 Qg5+ 11. Qxg5 Rxg5 12. Ne4 Rg7 13. g3 d5 14. Nf6+ Ke7 15. Nh5 Rg8 16. Bg2 Bd7 17. e4 dxe4 18. Bxe4 Bc6 19. Rd4 Bc5 20. Rc4 Bxe4 21. Rxe4 Nd7 22. Nf4 Nf6 23. Re2 Rgd8 24. h3 Rac8 25. a3 Bd6 26. Nd3 Bxg3 27. Kb1 Bb8 28. f4 Rd5 29. Rf1 Rf5 30. Rf3 Rc4 31. b3 Re4 32. Rxe4 Nxe4 33. Kb2 Nf6 34. c4 Nh5 35. b4 Nxf4 36. Nc5 b6 37. Nb3 Be5+ 38. Kc2 Rh5 0-1

[Event "BRA-ch 88th"]
[Site "Recife"]
[Date "2022.12.18"]
[Round "5"]
[White "Nemeth Junior, Henrique"]
[Black "Fier, Alexandr"]
[Result "1/2-1/2"]
[WhiteElo "2189"]
[BlackElo "2600"]
[PlyCount "69"]
[EventDate "2022.12.15"]
[EventType "swiss"]
[EventRounds "11"]
[EventCountry "BRA"]
[SourceTitle "CBM 212 Extra"]
[Source "ChessBase"]
[SourceDate "2023.03.31"]
[SourceVersion "1"]
[SourceVersionDate "2023.03.31"]
[SourceQuality "1"]

1. e4 c5 2. Nf3 d6 3. d4 cxd4 4. Nxd4 Nf6 5. Nc3 a6 6. Be2 e6 7. f4 Nc6 8. Be3 Be7 9. g4 Nd7 10. g5 0-0 11. h4 Nxd4 12. Qxd4 b5 13. a3 Bb7 14. 0-0-0 Rc8 15. h5 e5 16. Qd2 Nc5 17. Bf3 exf4 18. Bxf4 Ne6 19. Rhg1 Rxc3 20. bxc3 Qa5 21. Kb1 Nxf4 22. Qxf4 Qxa3 23. Rd3 Qc5 24. Qe3 Qe5 25. Qd4 Bc6 26. Qxe5 dxe5 27. g6 fxg6 28. hxg6 h6 29. Bg4 Bxe4 30. Be6+ Kh8 31. Rh3 Bf6 32. Kb2 Bb7 33. Rd1 Be4 34. Rg1 Bb7 35. Rd1 1/2-1/2

[Event "Niteroi op 2nd"]
[Site "Niteroi"]
[Date "2022.09.02"]
[Round "2"]
[White "De Albuquerque, Pedro Henrique Corr"]
[Black "Nemeth Junior, Henrique"]
[Result "0-1"]
[WhiteElo "1835"]
[BlackElo "2137"]
[PlyCount "48"]
[EventDate "2022.09.01"]
[EventType "swiss"]
[EventRounds "9"]
[EventCountry "BRA"]
[SourceTitle "CBM 210 Extra"]
[Source "ChessBase"]
[SourceDate "2022.11.30"]
[SourceVersion "1"]
[SourceVersionDate "2022.11.30"]
[SourceQuality "1"]

1. e4 c5 2. Nf3 e6 3. d4 cxd4 4. Nxd4 Nc6 5. Nc3 Qc7 6. Be2 Nf6 7. 0-0 a6 8. Be3 Bb4 9. Nxc6 bxc6 10. Na4 Rb8 11. f3 Bd6 12. g3 h5 13. Kg2 h4 14. Bb6 Rxb6 15. Nxb6 hxg3 16. hxg3 Bxg3 17. Rh1 Bh4 18. Qe1 g5 19. Nxc8 Qxc8 20. Qc3 Qc7 21. Kf1 Qg3 22. Qe3 Nxe4 23. Bxa6 g4 24. Bd3 gxf3 0-1

[Event "BRA-ch U2300 Amateurs"]
[Site "Sao Paulo"]
[Date "2022.06.16"]
[Round "2"]
[White "Almeida Junior, Alvaro Alves de"]
[Black "Nemeth Junior, Henrique"]
[Result "1/2-1/2"]
[WhiteElo "2024"]
[BlackElo "2141"]
[PlyCount "36"]
[EventDate "2022.06.16"]
[EventType "swiss"]
[EventRounds "7"]
[EventCountry "BRA"]
[SourceTitle "CBM 208 Extra"]
[Source "ChessBase"]
[SourceDate "2022.07.31"]
[SourceVersion "1"]
[SourceVersionDate "2022.07.31"]
[SourceQuality "1"]

1. e4 c5 2. Nf3 e6 3. d4 cxd4 4. Nxd4 Nc6 5. Nc3 Qc7 6. Be3 a6 7. Be2 Nf6 8. 0-0 Bb4 9. Nxc6 bxc6 10. f4 Rb8 11. Bd4 d5 12. Kh1 Qe7 13. Bd3 Bxc3 14. bxc3 dxe4 15. Bxf6 Qxf6 16. Bxe4 0-0 17. Qd4 Qxd4 18. cxd4 Bb7 1/2-1/2

[Event "BRA-ch U2300 Amateurs"]
[Site "Sao Paulo"]
[Date "2022.06.16"]
[Round "1"]
[White "Nemeth Junior, Henrique"]
[Black "Ikejiri, Daniel Yoshito"]
[Result "1-0"]
[WhiteElo "2141"]
[BlackElo "1946"]
[PlyCount "45"]
[EventDate "2022.06.16"]
[EventType "swiss"]
[EventRounds "7"]
[EventCountry "BRA"]
[SourceTitle "CBM 208 Extra"]
[Source "ChessBase"]
[SourceDate "2022.07.31"]
[SourceVersion "1"]
[SourceVersionDate "2022.07.31"]
[SourceQuality "1"]

1. e4 c5 2. Nf3 Nc6 3. d4 cxd4 4. Nxd4 g6 5. Be3 Nf6 6. Nc3 Bg7 7. f3 0-0 8. g4 Qa5 9. Nb3 Qc7 10. Qd2 a6 11. 0-0-0 d6 12. h4 Ne5 13. Nd4 Be6 14. h5 Nc4 15. Bxc4 Bxc4 16. Bh6 e5 17. Bxg7 Kxg7 18. Nf5+ Kh8 19. Qh6 Rg8 20. Rxd6 Be6 21. hxg6 Rxg6 22. Qh4 Rag8 23. Nd5 1-0

[Event "Rio de Janeiro op"]
[Site "Rio de Janeiro"]
[Date "2022.04.21"]
[Round "2"]
[White "Hubner, Jessica Trindade"]
[Black "Nemeth Junior, Henrique"]
[Result "0-1"]
[WhiteElo "1725"]
[BlackElo "2096"]
[PlyCount "96"]
[EventDate "2022.04.21"]
[EventType "swiss"]
[EventRounds "6"]
[EventCountry "BRA"]
[SourceTitle "CBM 207 Extra"]
[Source "ChessBase"]
[SourceDate "2022.05.31"]
[SourceVersion "1"]
[SourceVersionDate "2022.05.31"]
[SourceQuality "1"]

1. e4 c5 2. Nf3 e6 3. d4 cxd4 4. Nxd4 Nc6 5. Nc3 Qc7 6. Be2 a6 7. 0-0 Nf6 8. a3 b5 9. Be3 Bb7 10. f3 Rc8 11. Nxc6 Qxc6 12. Kh1 Bc5 13. Bg5 h6 14. Bf4 d6 15. Qd2 0-0 16. Rad1 Rfd8 17. Nb1 e5 18. Bg3 Nh5 19. Qe1 Nxg3+ 20. Qxg3 Bd4 21. c3 Be3 22. Rd3 Bf4 23. Qh3 Rc7 24. g3 Bg5 25. Rfd1 Bc8 26. Qg2 Be6 27. h4 Be7 28. Nd2 Rcd7 29. Nf1 d5 30. Ne3 dxe4 31. fxe4 Rxd3 32. Rxd3 Rxd3 33. Bxd3 Bc5 34. Nd5 Qd7 35. Kh2 Bg4 36. Be2 h5 37. Bf3 f5 38. Bxg4 hxg4 39. Qe2 Qf7 40. Ne3 Bxe3 41. Qxe3 f4 42. Qd2 fxg3+ 43. Kg1 Qf3 44. Qe1 Kh7 45. a4 bxa4 46. c4 g2 47. c5 Qh3 48. Kf2 Qxh4+ 0-1

[Event "Timbo op 2nd"]
[Site "Timbo"]
[Date "2022.02.18"]
[Round "3"]
[White "Nemeth Junior, Henrique"]
[Black "Da Silva Junior, Marco Aurelio"]
[Result "1-0"]
[WhiteElo "2113"]
[BlackElo "1690"]
[PlyCount "83"]
[EventDate "2022.02.17"]
[EventType "swiss"]
[EventRounds "7"]
[EventCountry "BRA"]
[SourceTitle "EXT 2023"]
[Source "ChessBase"]
[SourceDate "2022.10.05"]
[SourceVersion "1"]
[SourceVersionDate "2022.10.05"]
[SourceQuality "1"]

1. c4 c5 2. Nc3 g6 3. e3 Bg7 4. d4 Nf6 5. d5 d6 6. Bd3 0-0 7. Nge2 e6 8. e4 exd5 9. exd5 Re8 10. 0-0 Nbd7 11. f4 Ng4 12. Rf3 Qh4 13. h3 Bd4+ 14. Nxd4 Re1+ 15. Qxe1 Qxe1+ 16. Rf1 Qg3 17. Nf3 Nh2 18. Nb5 Nxf3+ 19. Rxf3 Qe1+ 20. Rf1 Qh4 21. Bd2 f5 22. Nxd6 Qf6 23. Nb5 a6 24. Bc3 Qb6 25. Na3 Nf6 26. Rae1 Bd7 27. Re5 Kf7 28. g4 fxg4 29. f5 g5 30. Re6 Bxe6 31. fxe6+ Kg8 32. Rf5 h6 33. Rxf6 Qd6 34. Rg6+ Kf8 35. e7+ Qxe7 36. Re6 gxh3 37. Rxe7 Kxe7 38. Bf5 g4 39. Be5 Rf8 40. d6+ Kd8 41. Be6 h5 42. Bg3 1-0

[Event "Florianopolis op 8th"]
[Site "Florianopolis"]
[Date "2022.01.29"]
[Round "8"]
[White "Ribeiro, Regina"]
[Black "Nemeth Junior, Henrique"]
[Result "0-1"]
[WhiteElo "1908"]
[BlackElo "2113"]
[PlyCount "30"]
[EventDate "2022.01.24"]
[EventType "swiss"]
[EventRounds "10"]
[EventCountry "BRA"]
[SourceTitle "EXT 2023"]
[Source "ChessBase"]
[SourceDate "2022.10.05"]
[SourceVersion "1"]
[SourceVersionDate "2022.10.05"]
[SourceQuality "1"]

1. Nf3 Nf6 2. b3 e6 3. Bb2 c5 4. g3 b5 5. Bg2 Bb7 6. 0-0 Be7 7. c4 b4 8. a3 a5 9. d4 cxd4 10. Nxd4 Bxg2 11. Kxg2 Na6 12. Nb5 Qb8 13. e3 0-0 14. axb4 axb4 15. Be5 Qxe5 0-1

[Event "Florianopolis op 8th"]
[Site "Florianopolis"]
[Date "2022.01.27"]
[Round "5"]
[White "Nemeth Junior, Henrique"]
[Black "Oliveira, Silvio Eduardo"]
[Result "0-1"]
[WhiteElo "2113"]
[BlackElo "2322"]
[PlyCount "102"]
[EventDate "2022.01.24"]
[EventType "swiss"]
[EventRounds "10"]
[EventCountry "BRA"]
[SourceTitle "CBM 206 Extra"]
[Source "ChessBase"]
[SourceDate "2022.03.31"]
[SourceVersion "1"]
[SourceVersionDate "2022.03.31"]
[SourceQuality "1"]

1. c4 g6 2. Nc3 Bg7 3. d4 Nf6 4. e4 d6 5. h3 0-0 6. Nge2 e5 7. d5 Na6 8. g4 Nc5 9. Ng3 c6 10. g5 Ne8 11. Be3 cxd5 12. Nxd5 Ne6 13. Qd2 Nd4 14. Be2 Be6 15. f4 Nxe2 16. Nxe2 exf4 17. Nexf4 Rc8 18. Rc1 Be5 19. h4 Bxd5 20. Nxd5 f5 21. 0-0 Ng7 22. Bd4 Ne6 23. Bxe5 dxe5 24. Nf6+ Rxf6 25. Qxd8+ Rxd8 26. gxf6 Nd4 27. Kf2 Kf7 28. h5 Kxf6 29. hxg6 hxg6 30. exf5 gxf5 31. Rh1 e4 32. Rh7 f4 33. Rh6+ Kg5 34. Rh3 e3+ 35. Rxe3 fxe3+ 36. Kxe3 Nf5+ 37. Ke4 Rd2 38. b4 Rxa2 39. Kd5 Kf6 40. b5 Rd2+ 41. Kc5 Ke6 42. Re1+ Kd7 43. Ra1 Kc7 44. Rxa7 Nd6 45. b6+ Kd7 46. Ra4 Ne4+ 47. Kb5 Rb2+ 48. Ka5 Kc6 49. Ra3 Kc5 50. Ka4 Rb4+ 51. Ka5 Rxb6 0-1

[Event "Florianopolis op 8th"]
[Site "Florianopolis"]
[Date "2022.01.24"]
[Round "1"]
[White "Nemeth Junior, Henrique"]
[Black "Romais, Rodrigo"]
[Result "1/2-1/2"]
[WhiteElo "2113"]
[BlackElo "1556"]
[PlyCount "76"]
[EventDate "2022.01.24"]
[EventType "swiss"]
[EventRounds "10"]
[EventCountry "BRA"]
[SourceTitle "CBM 206 Extra"]
[Source "ChessBase"]
[SourceDate "2022.03.31"]
[SourceVersion "1"]
[SourceVersionDate "2022.03.31"]
[SourceQuality "1"]

1. e4 e6 2. d4 d5 3. Nd2 c5 4. exd5 Qxd5 5. Ngf3 Nf6 6. Bc4 Qd8 7. 0-0 cxd4 8. Nb3 Nc6 9. Nbxd4 Nxd4 10. Nxd4 Bc5 11. Nb5 Qb6 12. b4 Be7 13. Qe2 0-0 14. Be3 Qd8 15. Rfd1 Nd5 16. Bxd5 exd5 17. c4 Bxb4 18. Nxa7 Qf6 19. Nxc8 Rfxc8 20. cxd5 Bc5 21. Rac1 b6 22. Bxc5 bxc5 23. d6 Rd8 24. d7 Qc6 25. Qe7 Qa4 26. Rd2 c4 27. Re1 h6 28. Rd4 Qb5 29. Red1 c3 30. Rf4 Qh5 31. Re1 c2 32. f3 Qd5 33. Qe2 Qxa2 34. Rc4 Qa7+ 35. Qf2 Qxd7 36. Rxc2 Qd4 37. Qxd4 Rxd4 38. Kf2 Rad8 1/2-1/2

[Event "BRA-ch 87th"]
[Site "Cuiaba"]
[Date "2021.10.29"]
[Round "3"]
[White "Nemeth Junior, Henrique"]
[Black "Do Valle Cardoso, Lucas"]
[Result "1-0"]
[WhiteElo "2056"]
[BlackElo "2285"]
[PlyCount "103"]
[EventDate "2021.10.28"]
[EventType "swiss"]
[EventRounds "11"]
[EventCountry "BRA"]
[SourceTitle "CBM 205 Extra"]
[Source "ChessBase"]
[SourceDate "2022.01.31"]
[SourceVersion "1"]
[SourceVersionDate "2022.01.31"]
[SourceQuality "1"]

1. c4 e5 2. Nc3 Nf6 3. Nf3 Nc6 4. e4 Bb4 5. d3 d6 6. a3 Bxc3+ 7. bxc3 a6 8. a4 0-0 9. h3 h6 10. g4 Nh7 11. Be3 Qf6 12. Be2 Nd8 13. Rg1 Ne6 14. h4 g5 15. Qd2 Nf4 16. Bxf4 exf4 17. Nd4 Bd7 18. hxg5 hxg5 19. Nf5 b5 20. f3 bxc4 21. d4 Rfe8 22. Kf2 d5 23. e5 Qg6 24. Qc2 Bxf5 25. gxf5 Qg7 26. f6 Nxf6 27. exf6 Qxf6 28. Rh1 Kf8 29. Qh7 Ke7 30. Qh6 Rab8 31. Bf1 Rb2+ 32. Kg1 Qe6 33. Qxe6+ fxe6 34. Re1 Kd6 35. Rh6 g4 36. fxg4 c5 37. g5 cxd4 38. cxd4 f3 39. Re3 Rb3 40. Kf2 c3 41. Bd3 Rb2+ 42. Kxf3 Rb4 43. g6 Rxd4 44. g7 Rg8 45. Rhxe6+ Kc5 46. Re7 Rh4 47. Bf5 d4 48. R3e5+ Kb4 49. Rb7+ Ka3 50. Re1 Rh2 51. Be6 Ra2 52. Bxg8 1-0